Datum a čas kvízu
24.5
Celkem bodů
Celkový počet nahraných bodů na tomto kvízu bez doplňovacích otázek.
7.
Pořadí na kvízu
Konečné umístění týmu na tomto kvízu.
Zaznamenané odpovědi
| # | Otázka | Odpověď | Body | Výsledky |
|---|---|---|---|---|
| 1. | Desítky Čechů o víkendu uvázly... | v Barceloně | 1 | |
| 2. | Jednadevadesátiletý mediální m... | Rupert Murdoch | 0 | |
| 3. | Ve čtvrtek měl premiéru nový f... | Anna Geislerová, Ondřej Vetchý | 1 | |
| 4. | Bankovní rada České národní ba... | 7 % | 1 | |
| 5. | Fotbalové Slovácko má nečekano... | Libor Kozák | 1 | |
| 6. | Pokud jste podle názvu očekáva... | Srní | 1 | |
| 7. | V severské mytologii se vlků o... | Fenrir (také Fenri, Fenrisulfr) | 0 | |
| 8. | Od mytologie se přesuneme k fi... | Martin Scorsese | 1 | |
| 9. | Zlovlci jsou symbolem rodu Sta... | Ghost/Duch, Lady | 0 | |
| 10. | Vlčí tematiku zakončíme v říši... | vlčí bob | 0 |